| 000 | 00336pam a2200121 a 4500 | ||
|---|---|---|---|
| 020 | _c | ||
| 041 | _h | ||
| 100 |
_aVishwas B. Sawarkar, _eauthor. |
||
| 245 |
_aA Guide for Planning Wildlife Management in Protected Areas & Managed Landscape _hTextual Documents |
||
| 260 |
_a[s.l]: _bNatraj Publishers |
||
| 300 | _a335. | ||
| 930 | _a2624 | ||
| 999 |
_c248475 _d248475 |
||